[Event "Tata Steel-C 73rd"]
[Site "Wijk aan Zee"]
[Date "2011.01.15"]
[Round "1"]
[White "Van Kampen, Robin"]
[Black "Vocaturo, Daniele"]
[Result "0-1"]
[WhiteElo "2443"]
[BlackElo "2570"]
[Annotator "Marin,M"]
[PlyCount "166"]
[EventDate "2011.01.14"]
[EventType "tourn"]
[EventRounds "13"]
[EventCountry "NED"]
[EventCategory "11"]
[SourceTitle "CBM 141"]
[Source "ChessBase"]
[SourceDate "2011.03.17"]
[SourceVersion "1"]
[SourceVersionDate "2011.03.17"]
[SourceQuality "1"]

1. e4 e5 {The experience of the previous year's C tournament proved that a
solid repertoire with Black is essential in order to ensure chances for the
only qualifying place for the B-group. Indeed, Vocaturo had scored a
spectacular 7 out of 7 with White, but a mere point out of 6 games with Black.}
2. Nf3 Nc6 3. Bb5 a6 4. Ba4 Nf6 5. O-O Be7 6. Re1 b5 7. Bb3 d6 8. c3 O-O 9. h3
h6 {I had written a series of articles dedicated to the Smyslov variation (CBM
129-131) and knew its subtleties rather well. Since this line is completely
out of fashion and tends to lead to solid play, we thought it would be a
perfect way to start the tournament.} 10. d4 Re8 11. Nbd2 Bf8 12. Nf1 Bd7 13.
Ng3 {This was the starting point of the first article (CBM 129)} Na5 14. Bc2
Nc4 ({I subjectively prefer this flexible move over} 14... c5 {, which should
be playable as well.}) 15. a4 {Since the kingside is solidly defended, White
tries causing Black some trouble on the opposite wing.} ({The main branch of
the variation goes} 15. b3 Nb6 {and now White has a wide choice.}) 15... c5 16.
b3 Na5 $1 {Once the b3-square has been weakened, the knight is best placed
here.} (16... Nb6 {would be strongly met by} 17. a5 Nc8 18. Be3 {when the
knight has problems finding a good square.}) 17. axb5 {A necessary concession.}
({Usually in this structure, White is in no hurry to open the a-file, which
gives Black equal chances of seizing it, but in this case} 17. d5 {would be
strongly met by} bxa4 18. bxa4 Qc7 {followed by ...Rfb8 and ...c4. In this
line, Black takes full advantage of the weaknesses induced by a2-a4.}) 17...
axb5 18. Be3 Qc7 19. d5 {The position is typical for the Chigorin Defence, in
which the a5-knight causes Black some problems. The main difference is that,
once the a-file has been opened, Black is better mobilised for taking over its
control, which evens the overall chances.} Rec8 $5 {There is a curious story
behind this somewhat mysterious move, which I had not examined in my article.
In order to help Daniele get into his best shape during the early phase of the
tournament, we decided to play a rapid game each evening, in which I would
choose a line that might occur during the next day's round. In order to make
things more difficult for my pupil, I used to play in advanced chess mode.
Usually, I am not greatly inspired when guessing the opponent's choice when
acting as a second, but from this point of view Wijk aan Zee 2011 was a big
exception. For example, the rapid game played before the first round reached
precisely the position after 19.d5.} ({The game continued} 19... Nb7 {In my
notes for the article I wrote: 'Black immediately establishes the contact
between rooks. The difference compared to the regroupment based on Ra8-a7 and
Re8-a8 is that the a-rook can be lifted to a5. If White releases the tension,
then Qxa5 would leave the d6-pawn well defended by the knight, the e5-square
guarded by the rook and would put the enemy queenside pawns under pressure at
the same time.'} 20. Qd2 Ra5 (20... Kh7 21. Rec1 Rec8 22. Ne1 g6 23. b4 Bg7 24.
Qe2 h5 25. Bd3 c4 26. Bc2 h4 27. Nf1 Nh5 $15 {Arnason,J (2540)-Hjartarson,J 
(2555)/Gausdal 1987/CBM 004/[Marin] (1/2, 79). Since White has failed to play
an early f2-f4, Black has promising play on the kingside.}) 21. Nh2 Rea8 22.
Rxa5 Rxa5 23. f4 {with complex play. Although White has some kingside
initiative, his queenside is a bit vulnerable. The exchange on e5 has the
drawback of clearing the d6-square for the knight. During the post mortem
analysis of the rapid game, we discovered that the text move inhibits the
thematic move b3-b4, but also prevents the natural development with Qd2.}) ({
My article also examined} 19... Ra7 {with the following comment: This
demonstration of force along the a-file is time consuming and allows White to
obtain attacking chances on the other wing, Kavalek,L-Reshevsky,S/Netanya 1969/
MCD/[Marin] (0-1, 42)}) 20. Nd2 $146 {White has to deviate from the most
active setup.} ({One of the points behind the previous move is that} 20. Qd2 $6
{is met by} c4 $1 21. b4 Nb3 22. Bxb3 Rxa1 23. Rxa1 cxb3 24. Rc1 Qc4 $17) (20.
Nh2 Nb7 21. Qe2 Qd8 22. Bd3 Na5 23. Bxb5 Bxb5 24. Qxb5 Rcb8 25. Qe2 Rxb3 26.
Ra2 Rab8 27. Nhf1 R3b5 28. Nd2 g6 29. Kh2 Bg7 30. Rea1 Nb3 $11 {Almasi,Z (2655)
-Peng Xiaomin (2490)/Yerevan 1996/EXT 1997 (1/2, 65)}) 20... Nb7 21. Qe2 Ra5
22. Bd3 Rca8 23. Rxa5 Qxa5 {Here we can notice Black's main achievement: the
white queen is not defending the c3-pawn.} 24. b4 (24. Rc1 Qa3 $1) 24... Qa4 $1
{Threatening 25 ..c4 26 Bb1 Qa3.} (24... cxb4 25. cxb4 Qxb4 26. Rb1 Qc3 27.
Bxb5 $14) 25. bxc5 $6 {Equivalent to a strategic surrender.} ({The critical
continuation was} 25. c4 cxb4 26. cxb5 Nc5 27. Bxc5 dxc5 {with a difficult
position to assess.}) 25... Nxc5 26. Rb1 Nxd3 27. Qxd3 Rc8 $15 {White is
doomed to passivity, while Black can slowly improve his position.} 28. Ne2 Be7
$1 {The suposedly bad bishop expresses its wish to get activated.} 29. Rb4 Qa6
30. Qb1 Bd8 $5 ({I was following the game in the press centre in the pleasant
company of Yasser Seirawan. We were "unanimously" predicting} 30... Nh7 {
followed by ...Bg5 and ...Nf8-g6. Daniele preferred to use the empty queenside
spaces for activating his minor pieces. While our plan requires less time to
be carried out, the game manoeuvres lead to more radical activation of the
pieces, if only it succeeds!}) 31. Rb2 Ra8 32. Kh2 Bb6 33. Bxb6 Qxb6 {The
first phase of the general plan has been achieved. Before activating the
knight, Black makes a few manoeuvres aimed at consolidating his control over
the open a-file.} 34. Qg1 Qc7 35. f3 Ra4 36. Qe3 Ra1 37. Nb3 Ra3 38. Nbc1 Qc4
39. Qd2 Ne8 $1 {The start of the second phase of the initial plan.} 40. Ra2 Ra4
41. g4 {Not really a display of aggressivity. White is concerned to prevent an
eventual ...f5.} Nc7 42. Rb2 Na8 43. Ng3 Ra3 $6 {A bit premature.} (43... Nb6
$1) 44. Ra2 $5 {With the knight on a8, this move is playable.} Rxa2 $2 {
Throwing away all the advantage accumulated with so much work.} (44... Ra4 $1)
45. Qxa2 Qa4 46. Qf2 $11 {Without rooks, White is under much less pressure} Qa5
47. Qa2 Qa4 48. Qf2 Qa5 49. Qa2 Qd8 $5 {Starting the process of the gradual
accumulation of advantages all over again.} 50. Qa7 Nb6 51. Nb3 Nc4 52. Nf1 g6
53. Nbd2 Nb6 54. Ne3 Na4 55. c4 b4 56. Qb7 Qb6 57. Qxb6 Nxb6 58. Nc2 b3 $1 59.
Nxb3 Ba4 $1 60. Nba1 $2 (60. c5 $1 dxc5 61. Nba1) 60... Nxc4 61. Kg3 Kg7 62.
Ne1 f5 $17 {Threatening to win a pawn with 63...fxe4 64.fxe4 Nd2.} 63. exf5 $5
(63. Nd3 {would leave the other knight desperately passive.}) (63. Kf2 Kf6 {
[%cal Gf6g5]}) 63... gxf5 64. f4 Ne3 65. fxe5 dxe5 66. gxf5 Kf6 67. Kf3 Nxd5 {
Despite the reduced number of remaining pawns, Black should be winning this
ending. The passed pawn is very strong.} 68. Nac2 Kxf5 {A matter of taste.} ({
I may have preferred} 68... Bxc2 69. Nxc2 Kxf5) 69. Ne3+ Nxe3 70. Kxe3 Bc6 71.
Nd3 Bg2 72. h4 (72. Nf2 e4 $22 73. h4 h5 $22) 72... h5 73. Kf2 Be4 74. Nc5 Kf4
$19 75. Ne6+ Kg4 76. Ke3 Ba8 {Or almost any other retreat.} 77. Nf8 Kxh4 $1 78.
Ng6+ Kg3 $1 79. Nxe5 h4 80. Nd3 h3 81. Ke2 h2 82. Nf2 Kg2 83. Ke1 Bf3 0-1

[Event "Porto Mannu op"]
[Site "Porto Mannu"]
[Date "2009.05.18"]
[Round "3"]
[White "Cori, Jorge Moise"]
[Black "Marin, Mihail"]
[Result "1/2-1/2"]
[WhiteElo "2418"]
[BlackElo "2564"]
[Annotator "Marin,M"]
[PlyCount "143"]
[EventDate "2009.05.16"]
[EventType "swiss"]
[EventRounds "9"]
[EventCountry "ITA"]
[SourceTitle "CBM 130 Extra"]
[Source "ChessBase"]
[SourceDate "2009.07.02"]
[SourceVersion "2"]
[SourceVersionDate "2009.07.15"]
[SourceQuality "1"]

1. e4 e5 2. Nf3 Nc6 3. Bb5 a6 4. Ba4 Nf6 5. O-O Be7 6. Re1 b5 7. Bb3 d6 8. c3
O-O 9. h3 h6 10. d4 Re8 {I started writing a series of 3 articles about the
old Smyslov Variation some months ago. The first one was published in CBM 129
and the last one you can find in the present issue of CBM.} 11. a4 {The move
played by my young opponent belongs to the group of early deviations, covered
in the second article. However, I did not examine it there, considering that
it is inoffensive. Objectively, I was right, because Black is not under
pressure. Still, during the game I felt that there are some hidden nuances
that ought to have been mentioned.} ({I will quote here the following game
from the aforementioned article, bearing some similarity with my own game:} 11.
Nbd2 Bf8 12. Nf1 Bd7 13. dxe5 Nxe5 14. Nxe5 dxe5 15. Qf3 {[%cal Gf1e3,Ge3f5]}
c5 $1 16. Rd1 c4 17. Bc2 {Keres,P-Spassky,B/Riga 1965/Candidates/[Marin] (0-1,
39), and now I rcommended} a5 $1 {[%cal Ga8a6]}) 11... Bd7 12. Nbd2 Bf8 13.
dxe5 {Releasing the pressure so soon does not face Black with any problems.} ({
The desirable} 13. Nf1 {would leave the e4-pawn hanging after} exd4) ({During
my opponent's long thought, I started being worried about} 13. a5 {The move
may seem illogical because it gives up the fight for the a-file and releases
the pressure against the b5-pawn. Besides, White has spent two whole tempi on
advancing the pawn... And yet, Black is deprived of a very important move, ...
Na5.} Rb8 ({I was not so sure about} 13... g6 14. Bc2 exd4 15. cxd4 Nb4 16. Bb1
c5 17. d5 $1 {The knight stands nicely on b4, but after Nf1-g3 and Ra3, White
may consider attacking it with Bd2, which}) 14. Bc2 b4) (13. Bc2 {has been
played a few times in grandmaster games, but it is hardly dangerous.} exd4 14.
Nxd4 (14. cxd4 Nb4 15. Bb1 bxa4 16. Ra3 g6 17. e5 dxe5 18. dxe5 Nfd5 19. Nf1
Nb6 $132 {Vasiukov,E (2490)-Lukacs,P (2520)/Coimbatore 1987/EXT 97 (1/2, 60)})
14... Ne5 15. Nf1 c5 $1 {This is the correct move order.} (15... Ng6 16. Ng3 c5
17. Ndf5 $14 {Wedberg,T (2480)-Karolyi,T (2420)/Gausdal 1987/EXT 97 (1-0, 49)})
16. Nf3 (16. Nf5 Bxf5 17. exf5 d5 $11) 16... Ng6 17. Ng3 Bc6 18. axb5 axb5 19.
Rxa8 Qxa8 20. Qd3 Re6 21. b3 d5 $15 {Szily,J-Kholmov,R/Kecskemet 1962/EXT 2001
(1/2, 48)}) 13... Nxe5 14. Nxe5 dxe5 15. Nf1 c5 16. Bc2 {I could not
understand this over-cautious move.} ({More natural would be} 16. Ne3 c4 17.
Bc2 Be6 $1 {[%csl Gb3,Gd5,Gf5] This is the right place for the bishop. It
keeps the enemy knight under control and inhibits a pawn break with b3 or b4.}
18. Qf3 (18. axb5 axb5 19. Rxa8 Qxd1 20. Rxd1 Rxa8) {Black cannot carry out
the plan based on ...a5-a4, as in Keres-Spassky, but has a strong alternative
in} 18... b4 $1 $132 {[%cal Gb4b3]}) 16... Bc6 $6 {Somehow I knew that this is
not a good square for the bishop, but I wanted to prevent Ne3.} (16... c4 $1 {
would have trasposed above.}) 17. Qxd8 $6 {After this unpretentious move,
White will find himself struggling.} ({It was necessary to keep queens on the
board in order to retain attacking chances.} 17. Qf3 $1 {[%cal Gf1e3,Ge3f5]})
17... Rexd8 18. f3 c4 19. Be3 (19. Ne3 Nd7 20. Nd5 Nc5 {leaves Black with a
comfortable position.}) 19... Nd7 20. Red1 Rdb8 $5 {I considered that the
d-file is less important than the a-file.} ({I rejected} 20... Nc5 {because of}
21. Rxd8 Rxd8 22. axb5 axb5 23. Ra7 {and White has at least some activity.})
21. axb5 axb5 {[%cal Gd7c5]} 22. b4 {Otherwise, White will get suffocated.}
cxb3 23. Bxb3 Nc5 24. Rxa8 (24. Bd5 Rxa1 25. Rxa1 Bxd5 26. exd5 Na4 27. c4 Nc3
$15) 24... Bxa8 $1 (24... Rxa8 25. Bd5 $1) 25. Ba2 (25. Bd5 Na4 $1 26. c4 Nc3
27. Rd3 b4 $15) 25... Bc6 26. Bd5 Be8 $1 {Black has completed his regrouping
and can start torturing his opponent. His bishops are very effective,
defending the kingside and controlling several important squares on the
queenside. Among others, the c3-pawn is much weaker than the b5-pawn. These
were my thoughts during the game and this is how I evaluate the position now,
despite White's apparently active position. Even if I somehow mixed up things
in the opening, I was quite satisfied about the fact that I understood the
spirit of the Smyslov variation quite well, going a bit deeper than the
superficial evidence.} 27. Ng3 g6 28. Ne2 {This knight is also passive.} Rc8
29. Rb1 Na4 30. Bd2 Nb6 31. Bb3 Nc4 32. Bxc4 Rxc4 $17 33. Kf2 h5 34. Bg5 Bc5+
35. Be3 Be7 36. Rb2 h4 37. Ke1 Ra4 38. Kd1 Ra1+ 39. Bc1 Bc6 40. Kc2 f5 41. exf5
gxf5 42. Rb1 Ra4 43. Be3 Kf7 44. Bf2 f4 45. Bb6 Bd7 46. Kd2 {Black has a
winning position. His pieces are very active and he has much more space than
his opponent. Having also an advantage on the clock, I relaxed prematurely and
let my advantage slip away.} Ra2+ 47. Ke1 Be6 48. Nc1 Rxg2 49. Rxb5 Bf6 $2 (
49... Bc4 50. Rxe5 Bf6 51. Re4 (51. Rf5 Kg6 52. Rxf4 Bxc3+ 53. Kd1 Rd2+ 54. Ke1
Rd4+) 51... Bxc3+ 52. Kd1 Rd2+ 53. Ke1 Ba6 $19) 50. Nd3 $15 Bxh3 51. Nxe5+ Bxe5
52. Rxe5 Be6 53. Re4 h3 54. Rxf4+ Kg6 55. Kf1 Bf5 56. Rd4 Rb2 57. Bc7 h2 58.
Rh4 Bd3+ 59. Ke1 h1=Q+ 60. Rxh1 Rb1+ 61. Kd2 Rxh1 62. Kxd3 Kf5 63. f4 Ke6 64.
Kc4 Kd7 65. Be5 Kc6 66. Kd4 Rd1+ 67. Ke4 Re1+ 68. Kf5 Kd5 69. Bd4 Rf1 70. Be5
Re1 71. Kf6 Rf1 72. Kf5 1/2-1/2

[Event "Match Kasparov-Timman +3-1=2 KRO"]
[Site "Hilversum"]
[Date "1985.12.17"]
[Round "3"]
[White "Timman, Jan H"]
[Black "Kasparov, Garry"]
[Result "1-0"]
[WhiteElo "2640"]
[BlackElo "2700"]
[Annotator "Notkin,M"]
[PlyCount "81"]
[EventDate "1985.12.15"]
[EventType "match"]
[EventRounds "6"]
[EventCountry "NED"]
[SourceTitle "MCL"]
[Source "ChessBase"]
[SourceDate "1999.07.01"]
[SourceVersion "1"]
[SourceVersionDate "1999.07.01"]
[SourceQuality "1"]

1. e4 e5 2. Nf3 Nc6 3. Bb5 a6 4. Ba4 Nf6 5. O-O Be7 6. Re1 b5 7. Bb3 d6 8. c3
O-O 9. h3 Bb7 10. d4 Re8 11. Ng5 Rf8 12. Nf3 Re8 13. Nbd2 Bf8 14. a3 h6 15. Bc2
Nb8 16. b4 Nbd7 17. Bb2 g6 18. c4 exd4 19. cxb5 axb5 20. Nxd4 c6 21. a4 bxa4
22. Bxa4 Qb6 23. Nc2 (23. b5 cxb5 24. Bxb5 d5 25. Rxa8 Bxa8 $10 {Timman,
J-Kasparov,G/Hilversum1985/0:1/51/}) 23... Qc7 24. Bb3 Ba6 (24... Rxa1 25. Bxa1
Bg7 26. Ne3 c5 27. bxc5 Nxc5 28. Bxf6 Bxf6 {Timman,J-Karpov,A/Bugojno/1986/})
25. Rc1 (25. Ra5 $5 $16 {/\Qb1-a2/}) 25... Bg7 26. Ne3 Bb5 27. Nd5 Nxd5 28.
Bxg7 Kxg7 29. exd5 Ne5 30. Ne4 $2 (30. Nc4 $10) 30... Nd3 31. Qd2 Ra3 $2 (31...
Qe7 32. dxc6 Nxc1 33. Qc3+ (33. Qxc1 Qe5 {/\d5-+/}) 33... Qe5 34. Rxc1 Qxc3 35.
Nxc3 Bxc6 $19) 32. Nf6 $1 Rxe1+ 33. Rxe1 Kxf6 $6 (33... Qa7) 34. Qc3+ Ne5 (
34... Kg5 35. h4+ Kf5 36. Re3 Rxb3 37. g4+ Kxg4 38. Qf6 $18) 35. f4 Ba4 $2 (
35... Kg7 36. fxe5 dxe5 37. Qb2 $16) 36. fxe5+ dxe5 37. d6 $1 Qxd6 38. Qf3+ Ke7
39. Qxf7+ Kd8 40. Rd1 Ra1 41. Qf6+ $1 $18 1-0

[Event "World Cup"]
[Site "Khanty-Mansiysk"]
[Date "2009.11.25"]
[Round "2.2"]
[White "Bologan, Viktor"]
[Black "Cheparinov, Ivan"]
[Result "1/2-1/2"]
[WhiteElo "2692"]
[BlackElo "2671"]
[Annotator "Postny,E"]
[PlyCount "84"]
[EventDate "2009.11.21"]
[EventType "k.o."]
[EventRounds "7"]
[EventCountry "RUS"]
[SourceTitle "CBM 134"]
[Source "ChessBase"]
[SourceDate "2010.01.18"]
[SourceVersion "1"]
[SourceVersionDate "2010.01.18"]
[SourceQuality "1"]

1. e4 e5 2. Nf3 Nc6 3. Bb5 a6 4. Ba4 Nf6 5. O-O Be7 6. Re1 b5 7. Bb3 d6 8. c3
O-O 9. h3 Re8 10. d4 Bb7 11. Nbd2 Bf8 12. a3 {This quiet move is directed to
cover the b4-square, not to allow the black knight to jump to b4 after a
possible exchange on d4.} ({Previously main line} 12. a4 h6 13. Bc2 exd4 14.
cxd4 Nb4 15. Bb1 {saw some bloody clashes including those in Wch match
Kasparov-Karpov in the year 1990. Later on numerous improvements were found
for Black.}) 12... h6 13. Bc2 d5 14. dxe5 (14. exd5 Qxd5 15. Ne4 exd4 16. Nxf6+
gxf6 17. Be3 (17. Qd3 Rxe1+ 18. Nxe1 f5 {is not so frightening for Black.})
17... Ne5 18. Bxd4 Nxf3+ 19. Qxf3 Qxf3 20. gxf3 Bxf3 21. Bxf6 Re6 $11 {1/2-1/2
Jakovenko,D (2671)-Kasimdzhanov,R (2672)/Fuegen 2006/CBM 115 (26)}) 14... Nxe5
15. Nxe5 Rxe5 16. Nf3 (16. f4 $6 Bc5+ 17. Kh2 Bc8 $3 18. Nf3 (18. fxe5 $2 Ng4+
$1 19. Kg3 Bf2+ 20. Kf3 Qh4 21. Ke2 Qg3 22. Nf3 Qxg2 $19) 18... Rh5 19. Nd4 Bg4
20. Qd2 dxe4 21. Bxe4 Nxe4 22. Rxe4 Qd7 $15 {1/2-1/2 Kryvoruchko,Y (2602)
-Cheparinov,I (2671)/Khanty-Mansiysk RUS 2009/The Week in Chess 785 (43)})
16... Re8 17. e5 Ne4 18. a4 $6 {Later on, the same players continued the
theoretical discussion on tie-break games.} (18. Qe2 c5 19. Nd2 $1 {The only
way to pose some problems for Black. The active knight must be eliminated
right away.} (19. a4 Qb6 20. Bf4 Rad8 21. axb5 axb5 22. Nd2 Nxd2 23. Qxd2 d4
24. Qd3 g6 $11 {1/2-1/2 Bologan,V (2692)-Cheparinov,I (2671)/Khanty-Mansiysk
RUS 2009/The Week in Chess 786 (46)}) 19... Nxd2 (19... Qh4 $5 {seems like an
improvement, but still needs practical test. For instanse:} 20. Nxe4 Rxe5 21.
Bf4 $5 Re6 $1 (21... Qxf4 $2 22. g3 Rxe4 (22... Qf5 $2 23. Nf6+ Qxf6 24. Qxe5
$16) 23. gxf4 Rxe2 24. Rxe2 $14) 22. Bg3 Qe7 23. a4 dxe4 24. axb5 axb5 25. Rxa8
Bxa8 26. Qxb5 e3 $132) 20. Bxd2 g6 21. Qg4 Bc8 22. Qg3 Bg7 23. f4 $14 {1-0
Bologan,V (2692)-Cheparinov,I (2671)/Khanty-Mansiysk RUS 2009/The Week in
Chess 786 (34)}) 18... b4 19. c4 {Trying to undermine the outpost of black's
knight, but it has a good square to retreat.} Nc5 $15 20. Be3 ({After} 20. cxd5
Qxd5 {White can't equalize as well.}) 20... dxc4 21. Bxc5 Qxd1 22. Raxd1 Bxc5
23. Be4 Bxe4 (23... Rab8 24. Rc1 Bxe4 25. Rxe4 c3 26. bxc3 b3 {is very similar
to the continuation in the game.}) 24. Rxe4 Red8 25. Rc1 $6 (25. Rxd8+ Rxd8 26.
Rxc4 Rd1+ 27. Kh2 Bxf2 28. Rxb4 {Black is only slightly better.}) 25... c3 26.
bxc3 b3 27. Kf1 Rab8 28. Ke2 Rd5 29. Rb1 b2 $1 {Black must play actively and
very concrete, otherwise he might soon lose his passed pawn.} 30. Ne1 Rb3 31.
f4 Bb6 32. Nf3 Rc5 33. Rb4 Rcxc3 34. Rxb2 Rxb4 $2 {Ivan should have captured
the other rook, so that the Pa4 will stay unprotected.} (34... Re3+ 35. Kf1
Rxb2 36. Rxb2 Ra3 37. Rb4 (37. Rd2 Rxa4 38. Rd8+ Kh7 39. f5 Rf4 40. e6 fxe6 41.
fxe6 Re4 42. Re8 Kg6 $17) 37... Ra1+ 38. Ke2 Ra2+ 39. Kd3 a5 $1 {Important
intermezzo.} (39... Rxg2 $2 40. a5 $1 {would allow White to escape exactly as
happened in the game.}) 40. Rc4 Rxg2 $17) 35. Rxb4 Rc2+ 36. Kd3 Rxg2 {[%tqu
"En","How can White get a counterplay?","","","a4a5","I guess Ivan overlooked
this resourse before playing 34...Rxb4.",5]} 37. a5 $1 {I guess Ivan
overlooked this resourse before playing 34...Rxb4.} Bxa5 38. Rb8+ Kh7 39. Rf8 {
Black can't protect the Pf7 and has to force a draw. Otherwise, the "e" pawn
will become dangerous.} Rf2 40. Ke4 Re2+ 41. Kd3 Rf2 42. Ke4 Re2+ 1/2-1/2